000 00831nam a2200289Ia 4500
008 170712s9999 xx 000 0 und d
020 _a9622582249
050 _a959.9
050 _bK191 1998
245 4 _aThe Philippine archipelago /
245 _cby Raymundo S. Punongbayan, Prescillano M. Zamora and Perry S. Ong.
260 _aPhilippines :
260 _bAsia Publishing Company Limited,
260 _c1998
300 _a303 pages :
300 _bcolor illustrations ;
300 _c29cm.
440 _aKasaysayan : the story of the Filipino people ;
440 _v1
500 _aIncludes bibliographic reference and index.
650 _aArchipelago --
650 _aHistory --
650 _aZamora, Prescillano M.
650 _xOng, Perry S.
650 _xPhilippines.
650 _xPhilippines.
999 _c340457
_d340457